Britney Spears Songs - Statistics

General Stats
  • This quiz has been taken 476 times
    472 since last reset
  • The average score is 6 of 10
Answer Stats
Lyrics Song % Correct
Baby, I'm so into you, you got that something, what shall I do Crazy
77%
Say hello to the girl that I am, your gonna have to see through my perspective Overprotected
73%
Promise me, take my hand, why are we, strangers when Everytime
70%
Oh baby baby have you seen Amy tonight, is she in the bathroom, is she smoking up outside (oh!) If U Seek Amy
70%
He is a hustler, he's no good at all, he is a loser he's a bum bum bum bum Criminal
67%
I know it's been a while but I'm glad you came and I've thinking bout how you say my name Break The Ice
52%
My friends say your so in to me, and that you need me desperately Don't Let Me Be The Last To Know
50%
Babe pick a night, to come out and play, if it's alright, what do you say 3
47%
When you hear this in the club, you gotta turn thte sh*t up Scream & Shout
44%
You don't have to look like a movie star, ooh I think your good just the way you are Ooh La La
34%
No matching quizzes found
Score Distribution
Percent of People with Each Score
Percentile by Number Answered
Your Score History
You have not taken this quiz since the last reset